| 000 -LEADER |
| fixed length control field |
00945cam a22002174a 4500 |
| 001 - CONTROL NUMBER |
| control field |
16746327 |
| 005 - DATE AND TIME OF LATEST TRANSACTION |
| control field |
20221114152058.0 |
| 008 - FIXED-LENGTH DATA ELEMENTS--GENERAL INFORMATION |
| fixed length control field |
110422s2011 enka b 001 0 eng |
| 020 ## - INTERNATIONAL STANDARD BOOK NUMBER |
| International Standard Book Number |
9780754679844x |
| 080 ## - UNIVERSAL DECIMAL CLASSIFICATION NUMBER |
| Universal Decimal Classification number |
32 E-91 |
| 245 00 - TITLE STATEMENT |
| Title |
Europe in the world : |
| Remainder of title |
EU geopolitics and the making of European space / |
| Statement of responsibility, etc. |
edited by Luiza Bialasiewicz. |
| 264 ## - PRODUCTION, PUBLICATION, DISTRIBUTION, MANUFACTURE, AND COPYRIGHT NOTICE |
| Place of production, publication, distribution, manufacture |
Burlington, VT : |
| Name of producer, publisher, distributor, manufacturer |
Ashgate, |
| Date of production, publication, distribution, manufacture, or copyright notice |
2011. |
| 300 ## - PHYSICAL DESCRIPTION |
| Extent |
x, 226 p. : |
| Other physical details |
ill. ; |
| Dimensions |
24 cm. |
| 490 1# - SERIES STATEMENT |
| Series statement |
Critical geopolitics |
| 653 ## - INDEX TERM--UNCONTROLLED |
| keyword |
Europe in the World: EU Geopolitics and the Making of European Space |
| 653 ## - INDEX TERM--UNCONTROLLED |
| keyword |
ევროპა მსოფლიოში: ევროკავშირის გეოპოლიტიკა და ევროპული სივრცის დამზადება |
| 653 ## - INDEX TERM--UNCONTROLLED |
| keyword |
Critical Geopolitics |
| 700 1# - ADDED ENTRY--PERSONAL NAME |
| Personal name |
Bialasiewicz, Luiza. |
| 9 (RLIN) |
10890 |
| Relator term |
რედაქტორი |
| 830 #0 - SERIES ADDED ENTRY--UNIFORM TITLE |
| Uniform title |
Critical geopolitics. |
| 9 (RLIN) |
10891 |
| 942 ## - ADDED ENTRY ELEMENTS (KOHA) |
| Source of classification or shelving scheme |
|
| Koha item type |
წიგნი |